<?xml version="1.0" encoding="UTF-8"?>
<record
    xmlns:xsi="http://www.w3.org/2001/XMLSchema-instance"
    xsi:schemaLocation="http://www.loc.gov/MARC21/slim http://www.loc.gov/standards/marcxml/schema/MARC21slim.xsd"
    xmlns="http://www.loc.gov/MARC21/slim">

  <leader>01636mam a2200385 a 4500</leader>
  <controlfield tag="001">3100705</controlfield>
  <controlfield tag="005">20220326193338.0</controlfield>
  <controlfield tag="008">010601s2000    ck a     b    000 p spa d</controlfield>
  <datafield tag="020" ind1=" " ind2=" ">
    <subfield code="a">9586640434</subfield>
  </datafield>
  <datafield tag="035" ind1=" " ind2=" ">
    <subfield code="a">(OCoLC)47049741</subfield>
  </datafield>
  <datafield tag="035" ind1=" " ind2=" ">
    <subfield code="a">(NNC)3100705</subfield>
  </datafield>
  <datafield tag="040" ind1=" " ind2=" ">
    <subfield code="a">NN</subfield>
    <subfield code="c">NN</subfield>
  </datafield>
  <datafield tag="041" ind1="0" ind2=" ">
    <subfield code="a">spaeng</subfield>
  </datafield>
  <datafield tag="082" ind1=" " ind2=" ">
    <subfield code="a">709.040.75</subfield>
    <subfield code="b">G212r</subfield>
  </datafield>
  <datafield tag="100" ind1="1" ind2=" ">
    <subfield code="a">Garaicoa, Carlos.</subfield>
    <subfield code="9">4224</subfield>
  </datafield>
  <datafield tag="245" ind1="1" ind2="0">
    <subfield code="a">Carlos Garaicoa :</subfield>
    <subfield code="b">La ruina, la utop&#xED;a /</subfield>
    <subfield code="c">Jos&#xE9; Ignacio Roca [curador]</subfield>
  </datafield>
  <datafield tag="246" ind1="3" ind2="0">
    <subfield code="a">Ruina, la utop&#xED;a</subfield>
  </datafield>
  <datafield tag="260" ind1=" " ind2=" ">
    <subfield code="a">Bogot&#xE1; D.C. :</subfield>
    <subfield code="b">Banco de la Rep&#xFA;blica, Biblioteca Luis Angel Arango,</subfield>
    <subfield code="c">2000.</subfield>
  </datafield>
  <datafield tag="300" ind1=" " ind2=" ">
    <subfield code="a">118 p. :</subfield>
    <subfield code="b">ill. (col.) ;</subfield>
    <subfield code="c">28 cm.</subfield>
  </datafield>
  <datafield tag="500" ind1=" " ind2=" ">
    <subfield code="a">Catalog of an exhibition held at the Biblioteca Luis Angel Arango, Casa de Moneda, Bogot&#xE1; D.C., Colombia, June 14-Aug. 20, 2000.</subfield>
  </datafield>
  <datafield tag="504" ind1=" " ind2=" ">
    <subfield code="a">Includes bibliographical references (p. 93).</subfield>
  </datafield>
  <datafield tag="505" ind1=" " ind2=" ">
    <subfield code="t">La ruina; La utopia</subfield>
    <subfield code="r">Jose Ignacio Roca. </subfield>
    <subfield code="t">El espejo del deseo </subfield>
    <subfield code="r">Eugenio Valdes Figueroa </subfield>
    <subfield code="t">Catalogo </subfield>
    <subfield code="t">Cuando el deseo se parece a nada </subfield>
    <subfield code="r">Coco Fusco </subfield>
    <subfield code="t">Carlos Garaicoa: Proyectar un paisaje</subfield>
    <subfield code="r">Virginia Perez-Ratton </subfield>
    <subfield code="t">curriculum vitae </subfield>
    <subfield code="t">Lista de obras </subfield>
  </datafield>
  <datafield tag="546" ind1=" " ind2=" ">
    <subfield code="a">In Spanish and English.</subfield>
  </datafield>
  <datafield tag="600" ind1="1" ind2="0">
    <subfield code="a">Garaicoa, Carlos</subfield>
    <subfield code="v">Exhibitions.</subfield>
    <subfield code="9">4226</subfield>
  </datafield>
  <datafield tag="650" ind1=" " ind2="0">
    <subfield code="a">Environment (Art)</subfield>
    <subfield code="v">Exhibitions.</subfield>
    <subfield code="9">668</subfield>
  </datafield>
  <datafield tag="650" ind1=" " ind2="0">
    <subfield code="a">Medio Ambiente (Arte)</subfield>
    <subfield code="9">4265</subfield>
  </datafield>
  <datafield tag="650" ind1=" " ind2="0">
    <subfield code="a">Exhibiciones</subfield>
    <subfield code="z">Cuba</subfield>
    <subfield code="9">4266</subfield>
  </datafield>
  <datafield tag="650" ind1=" " ind2="0">
    <subfield code="a">Arte Conceptual</subfield>
    <subfield code="v">Exhibiciones</subfield>
    <subfield code="z">Cuba</subfield>
    <subfield code="9">4267</subfield>
  </datafield>
  <datafield tag="700" ind1="1" ind2=" ">
    <subfield code="a">Roca, Jos&#xE9; Ignacio [curador]</subfield>
    <subfield code="9">4229</subfield>
  </datafield>
  <datafield tag="700" ind1="1" ind2=" ">
    <subfield code="a">P&#xE9;rez-Ratton, Virginia</subfield>
    <subfield code="9">580</subfield>
  </datafield>
  <datafield tag="700" ind1="1" ind2=" ">
    <subfield code="a">Vald&#xE9;s Figueroa, Eugenio</subfield>
    <subfield code="9">4305</subfield>
  </datafield>
  <datafield tag="700" ind1="1" ind2=" ">
    <subfield code="a">Fusco, Coco</subfield>
    <subfield code="9">3691</subfield>
  </datafield>
  <datafield tag="710" ind1="2" ind2=" ">
    <subfield code="a">Biblioteca Luis-&#xC1;ngel Arango.</subfield>
    <subfield code="9">4230</subfield>
  </datafield>
  <datafield tag="999" ind1=" " ind2=" ">
    <subfield code="c">792</subfield>
    <subfield code="d">792</subfield>
  </datafield>
  <datafield tag="952" ind1=" " ind2=" ">
    <subfield code="0">0</subfield>
    <subfield code="1">0</subfield>
    <subfield code="2">ddc</subfield>
    <subfield code="4">0</subfield>
    <subfield code="7">0</subfield>
    <subfield code="a">LV</subfield>
    <subfield code="b">LV</subfield>
    <subfield code="c">Monograf&#xED;as</subfield>
    <subfield code="d">2015-11-25</subfield>
    <subfield code="l">0</subfield>
    <subfield code="o">709.040.75 G212r</subfield>
    <subfield code="p">000779</subfield>
    <subfield code="r">2015-11-25 00:00:00</subfield>
    <subfield code="w">2015-11-25</subfield>
    <subfield code="y">01</subfield>
  </datafield>
</record>
